| 000 | 00569nam a2200205 a 4500 | ||
|---|---|---|---|
| 001 | 9897 | ||
| 003 | BD-JhCC | ||
| 005 | 20231113115942.0 | ||
| 008 | 180403s1953 e |||| || | 000 0 eng d | ||
| 035 | _a(BD-JhCC)9897 | ||
| 040 |
_aBD-JhCC _dBD-JhCC |
||
| 041 | _aeng | ||
| 082 | _bFIS 1952 | ||
| 100 | _aFisher, A. S. T. | ||
| 245 |
_aVoice and Verse: _bAn anthology in three parts for community-speaking in schools / _c A. S. T.Fisher. |
||
| 260 |
_aLondon : _bCambridge University Press, _c1952 |
||
| 300 |
_a86 p. : _c18 cm. |
||
| 942 |
_2ddc _cBK |
||
| 999 |
_c9897 _d9897 |
||